000 00566nam a2200229Ia 4500
003 OSt
005 20220924145543.0
006 a|||||r|||| 00| 0
007 ta
008 220923b |||||||| |||| 00| 0 tel d
024 _a329313
037 _cTextual
040 _aARTS
_cARTS
_btel
041 _2tel
_atel
082 _aNS, 35H7
100 _aSharma Veeraraghava Au.
_9220044
245 0 _aDebeeganasu
260 _c1947
650 _aMUSIC
_917402
942 _hNS, 35H7
_cTEXL
_2CC
999 _c460474
_d460474